Principles of bankruptcy law / (Record no. 1010)
| 000 -LEADER | |
|---|---|
| fixed length control field | 02051cam a22002654a 4500 |
| 001 - CONTROL NUMBER | |
| control field | 14932105 |
| 003 - CONTROL NUMBER IDENTIFIER | |
| control field | OSt |
| 005 - DATE AND TIME OF LATEST TRANSACTION | |
| control field | 20140116120843.0 |
| 008 - FIXED-LENGTH DATA ELEMENTS--GENERAL INFORMATION | |
| fixed length control field | 070718s2007 mnua 001 0 eng d |
| 010 ## - LIBRARY OF CONGRESS CONTROL NUMBER | |
| LC control number | 2007277846 |
| 020 ## - INTERNATIONAL STANDARD BOOK NUMBER | |
| International Standard Book Number | 9780314161925 |
| 050 00 - LIBRARY OF CONGRESS CALL NUMBER | |
| Classification number | KF1524.3.E67 2007 |
| 100 1# - MAIN ENTRY--PERSONAL NAME | |
| Personal name | Epstein, David G. |
| 245 10 - TITLE STATEMENT | |
| Title | Principles of bankruptcy law / |
| Statement of responsibility, etc | by David G. Epstein, Steve H. Nickles. |
| 246 18 - VARYING FORM OF TITLE | |
| Title proper/short title | Bankruptcy law |
| 260 ## - PUBLICATION, DISTRIBUTION, ETC. (IMPRINT) | |
| Place of publication, distribution, etc | St. Paul, MN : |
| Name of publisher, distributor, etc | Thomson/West, |
| Date of publication, distribution, etc | 2007. |
| 300 ## - PHYSICAL DESCRIPTION | |
| Extent | xxv, 282 p. : |
| Other physical details | ill. ; |
| Dimensions | 24 cm. |
| 440 #0 - SERIES STATEMENT/ADDED ENTRY--TITLE | |
| Title | Concise hornbook series |
| 500 ## - GENERAL NOTE | |
| General note | Includes index. |
| 505 0# - FORMATTED CONTENTS NOTE | |
| Formatted contents note | Question one : what is bankruptcy law? -- Question two : why do people do bankruptcy (requiring you to be able to do bankruptcy law)? -- Question three : where do lawyers do bankruptcy? -- Question four : how does an individual bankruptcy case begin? -- Question five : how does a business bankruptcy case begin? -- Question six : what are the immediate legal consequences of a bankruptcy filing? -- Question seven : what happens during a Chapter 7 case? -- Question eight : what happens during a Chapter 13 bankruptcy case? -- Question nine : what happens during a business Chapter 11 case? -- Question ten : what does a law student need to know about the avoiding powers in a bankruptcy case? -- Question eleven : what does a law student need to know about fraudulent transfers and obligations? -- Question twelve : what does a law student need to know about preferences? -- Question thirteen : what does a law student need to know about the other avoiding powers? -- Question fourteen : what does a law student need to know about leases and "executory contracts"? -- Question fifteen : what does a law student need to know about the bankruptcy claims process : a review and overview -- A typical Chapter 7 case --A typical Chapter 13 case. |
| 650 #0 - SUBJECT ADDED ENTRY--TOPICAL TERM | |
| Topical term or geographic name as entry element | Bankruptcy |
| Geographic subdivision | United States. |
| 700 1# - ADDED ENTRY--PERSONAL NAME | |
| Personal name | Nickles, Steve H., |
| Dates associated with a name | 1949- |
| 856 41 - ELECTRONIC LOCATION AND ACCESS | |
| Materials specified | Table of contents only |
| Uniform Resource Identifier | <a href="http://www.loc.gov/catdir/toc/fy0713/2007277846.html">http://www.loc.gov/catdir/toc/fy0713/2007277846.html</a> |
| 942 ## - ADDED ENTRY ELEMENTS (KOHA) | |
| Source of classification or shelving scheme | |
| Koha item type | Book |
| Withdrawn status | Lost status | Source of classification or shelving scheme | Damaged status | Not for loan | Home library | Current library | Date acquired | Source of acquisition | Total Checkouts | Full call number | Barcode | Date last seen | Date checked out | Copy number | Price effective from | Koha item type | Total Renewals |
|---|---|---|---|---|---|---|---|---|---|---|---|---|---|---|---|---|---|
| Riara University Library | Riara University Library | 09/10/2012 | Purchase | 2 | KF1524.3.E67 2007 | 1002/11 | 28/09/2017 | 27/09/2017 | C.1 | 09/10/2012 | Book | ||||||
| Riara University Library | Riara University Library | 09/10/2012 | Purchase | 1 | KF1524.3.E67 2007 | 1003/11 | 30/05/2016 | 23/05/2016 | C.2 | 09/10/2012 | Book | ||||||
| Riara University Library | Riara University Library | 09/10/2012 | Purchase | 11 | KF1524.3.E67 2007 | 1004/11 | 15/05/2019 | 10/05/2019 | C.3 | 09/10/2012 | Book | 3 |
